Normal view
MARC view
- Gruine, Lars, Pannek, Jurgen
Entry Personal Name
001 - CONTROL NUMBER
- control field: 68351
003 - CONTROL NUMBER IDENTIFIER
- control field: NUST
005 - DATE AND TIME OF LATEST TRANSACTION
- control field: 20210628204030.0
008 - FIXED-LENGTH DATA ELEMENTS
- fixed length control field: 210628|| aca||aabn | a|a d
040 ## - CATALOGING SOURCE
- Original cataloging agency: NUST
- Transcribing agency: NUST
100 ## - HEADING--PERSONAL NAME
- Personal name: Gruine, Lars, Pannek, Jurgen
670 ## - SOURCE DATA FOUND
- Source citation: Work cat.: (NUST): Gruine, Lars, Pannek, Jurgen, Nonlinear model predictive control, theory and algorithms, 2011
